02537nam a2200253 a 4500001001000000003000500010005001700015008004100032040000900073100003900082245013900121264004100260336002700301337002900328338003900357502002800396520163300424650003802057650003102095650002602126650004202152700003202194856005702226000112197CHAP20251024102349.0160113s2015 mx |sm |||||||spa d cCHAP1 aMartínez Rocha, Ricardo Emmanuel10aAnálisis de pedigrí de bovinos romosinuano en Méxicocpor Ricardo Emmanuel Martínez Rocha; director Rodolfo Ramírez Valverde aChapingo, Méx. :bEl autor,c2015. 2rdacontentatextobtxt 2rdamediaacomputadorabc 2rdacarrierarecurso en líneabcr bIAEZcZootecníad2015 aLa estructura genética de la población de ganado Romosinuano en México fue determinada mediante un análisis de pedigrí. Los análisis se realizaron con el programa ENDOG (4.8) para el total del pedigrí (TP), que incluyó todos los animales inscritos en el libro genealógico de la raza, y para una población de referencia (PR), la cual consideró los animales nacidos del 2005 a la fecha del último registro (2014), la cual se supone son los animales potencialmente vivos. El pedigrí incluyó 2,951 animales en el TP y 1,474 en la PR. Los parámetros poblacionales de diversidad genética evaluados fueron: intervalo generacional (IG), integridad del pedigrí (IP), máximo número de generaciones trazadas (MGT), número de generaciones completas equivalentes (GCE), coeficiente de consanguinidad (F), coeficiente de parentesco promedio (AR), número equivalente de fundadores (𝑓𝑒), número efectivo de ancestros (𝑓𝑎), y tamaño efectivo de población (𝑁𝑒). El IG fue 6.6 y 6.7 años para el TP y la PR; y la IP calculada con el MGT y el GCE fue 5.83 y 2.83. El F promedio (1.6 y 2.5% para TP y PR) y el AR (3.5 y 4.5% para TP y PR) fueron relativamente altos; el porcentaje de animales con un F mayor que 6.25% fue de 7.1% en el TP y 12.2% en la PR. La relación (𝑓𝑎/𝑓𝑒) indicó la existencia de cuellos de botella genéticos (0.41 en la PR), debido al uso de un número reducido de reproductores en ciertas generaciones. Los 𝑁𝑒 calculados por diferentes métodos (69.8, 24.7 y 23.6) muestran una variabilidad genética reducida en esta población. 14aGanado RomosinuanoxGenealogía.14aGanado vacunoxGenética.14aGanado vacunoxRazas.14aRecursos genéticosxConservación.0 aRamírez Valverde, Rodolfo uhttp://10.13.5.2/tesis/sist112197.pdfzDESCARGAR PDF